Państwa graniczne z... Rumunią - Statystyki

Ogólne statystyki
  • Ten quiz został rozwiązany 885 razy
  • Średni wynik to 4 z 5
Statystyki odpowiedzi
Długość Granicy Kraj % Poprawnych
631 km Bułgaria
85%
681 km Mołdawia
81%
448 km Węgry
79%
649 km Ukraina
76%
546 km Serbia
74%
Nie znaleziono quizów pasujących do podanych kryteriów
Rozkład punktacji
Procent ludzi z każdym wynikiem
Percentyl według liczby udzielonych odpowiedzi
Twoja historia wyników
Nie rozwiązałeś tego quizu